000 00320nam a22001337a 4500
008 170605b xxu||||| |||| 00| 0 eng d
020 _a9780304355297
041 _aeng
080 _a94(100)
100 _a18
101 _aSHH
245 _aBRITISH AND AMERICAN TANKS OF WORLD WAR TWO
_cCHAMBERLAIN,P
942 _2udc
_cBK
999 _c15885
_d15885